| 000 | 01467nam0a22002771 4500 | ||
|---|---|---|---|
| 001 | rc\4789529 | ||
| 005 | 20250613071807.0 | ||
| 021 |
_aRU _b[65-80692] |
||
| 035 | _a(NLR Aleph) 009007016 | ||
| 090 |
_a9343433 _c9343433 |
||
| 100 | _a20130417d1965 |||y0rusy50 ca | ||
| 101 | 1 |
_arus _cukr |
|
| 102 | _aRU | ||
| 105 | _ay z |||a| | ||
| 200 | 1 |
_aИз книги жизни _eРассказы _fАвториз. пер. с укр. С. Швецова |
|
| 210 |
_aМосква _cСов. писатель _d1965 |
||
| 215 |
_a159 с. _d14 |
||
| 327 | 0 | _aСодерж.: Станция Лавочне; Общественный суд; Мои первые корреспонденции; Чайка; "Деревенские мальчики"; Хитрый пассажир; Мои первые учителя; Без лишнего; Дядя Семен; Тетя Шура, и др. рассказы | |
| 464 | 0 |
_12001#$aСтанция Лавочне$aОбщественный суд$aМои первые корреспонденции$aЧайка$aДеревенские мальчики$aХитрый пассажир$aМои первые учителя$aБез лишнего$aДядя Семен$aТетя Шура _tТетя Шура |
|
| 700 | 1 |
_aОлейник _bС.И. _f1908-1982 _gСтепан Иванович |
|
| 702 | 1 |
_aШвецов _bС. _4730 |
|
| 801 | 0 |
_aRU _bNLR _gpsbo |
|
| 801 | 1 |
_aRU _bELAR _2rusmarc |
|
| 852 |
_aNLR _j65-1/958 |
||
| 942 | _cBOOK | ||
| 980 | _aNB | ||